header

The man who found time : (Record no. 255740)

MARC details
000 -LEADER
fixed length control field 00858nam a2200277 a 4500
003 - CONTROL NUMBER IDENTIFIER
control field OSt
005 - DATE AND TIME OF LATEST TRANSACTION
control field 20170227100600.0
008 - FIXED-LENGTH DATA ELEMENTS--GENERAL INFORMATION
fixed length control field 030603s2003 maub b 001 0beng c
010 ## - LIBRARY OF CONGRESS CONTROL NUMBER
LC control number 2003103400
020 ## - INTERNATIONAL STANDARD BOOK NUMBER
International Standard Book Number 073820692X
035 ## - SYSTEM CONTROL NUMBER
System control number (OCoLC)ocm52361457
040 ## - CATALOGING SOURCE
Original cataloging agency JRZ
Transcribing agency JRZ
Modifying agency SMI
-- OCoLC
042 ## - AUTHENTICATION CODE
Authentication code pcc
043 ## - GEOGRAPHIC AREA CODE
Geographic area code e-uk-st
049 ## - LOCAL HOLDINGS (OCLC)
Holding library SMJV
Notes about holdings cnps 06/05/03
050 #4 - LIBRARY OF CONGRESS CALL NUMBER
Classification number QE22.H9
Item number R47 2003
100 1# - MAIN ENTRY--PERSONAL NAME
Personal name Repcheck, Jack
245 14 - TITLE STATEMENT
Title The man who found time :
Remainder of title James Hutton and the discovery of the earth's antiquity /
Statement of responsibility, etc Jack Repcheck.
260 ## - PUBLICATION, DISTRIBUTION, ETC. (IMPRINT)
Place of publication, distribution, etc Cambridge, MA :
Name of publisher, distributor, etc Perseus,
Date of publication, distribution, etc c2003.
300 ## - PHYSICAL DESCRIPTION
Extent 247 p. :
Other physical details map ;
Dimensions 20 cm.
504 ## - BIBLIOGRAPHY, ETC. NOTE
Bibliography, etc Includes bibliographical references (p. 217-228) and index.
600 10 - SUBJECT ADDED ENTRY--PERSONAL NAME
Personal name Hutton, James,
Dates associated with a name 1726-1797
650 #0 - SUBJECT ADDED ENTRY--TOPICAL TERM
Topical term or geographic name as entry element Geology
General subdivision History
Topical term or geographic name as entry element Geologists
Geographic subdivision Scotland
Form subdivision Biography.
942 ## - ADDED ENTRY ELEMENTS (KOHA)
Source of classification or shelving scheme Library of Congress Classification
Koha item type Long Loan Books
Holdings
Withdrawn status Lost status Source of classification or shelving scheme Damaged status Not for loan Collection code Home library Current library Shelving location Date acquired Total Checkouts Full call number Barcode Date last seen Price effective from Koha item type
    Library of Congress Classification     Non-fiction Rongo University Library Rongo University Library General Stacks 27/02/2017   QE22.H9 R47 2003 20161721 27/02/2017 27/02/2017 Long Loan Books

© 2026 Rongo University
Contact us: librarian | system librarian | Rongo university